000 00966nas a2200313 4500
001 BR0400158
003 BR-BrBNA
005 20231205104251.0
007 ta
008 230509b bl.|||p| |||| 00| 00por d
040 _aBR-BrBNA
_bpor
_cBiblioteca Nacional de Agricultura
041 _a(Pt)
072 _aL10
100 1 _aFeitosa, W.B.
100 1 _aFontes, R.S.
100 1 _aAdona, P.R.
100 1 _aQuirino, C.R.
100 1 _aMatos, L.F.
245 1 _aAvaliação das soluções do choque osmótico para aumentar a interação da trealose com oócitos bovinos maturados in vitro
650 _aBOVINO
650 _aCULTURA DE EMBRIÃO
650 _aOVÁRIO
650 _aMEMBRANA
650 _aTRATAMENTO
650 _aFERTILIDADE ANIMAL
773 0 _tRevista Brasileira de Reprodução Animal (Brazil)
_xISSN 0102-0803
_g(Jul-Sep 2003), v. 27(3) p. 390-391
_wBR0400158
909 _a202311
_bLúcia
_c55
_dLúcia Elande
942 _2AGRIS
_n0
_cANA
999 _c177261
_d177261